000 00934nam a2200289 c 4500
003 BLK
005 20190320162927.0
008 180411b bul|||||r ||||||| ||bul||
010 _aKNG00216617000
040 _aBLK
041 _aBUL
_cBUL
080 _aБългарска литература
_b821.163.2
_x-94
_z821.163.2-94
100 1 _aХристовски, Трифон Н.
_eпърви автор
_9281129
139 _aХристовски, Трифон Н.
_bХ 81
245 1 0 _aМоят живот
_b[Автобиогр. повест]
_cТрифон Н. Христовски.
250 _a5. изд.
257 _aBGR
260 София
_bНар. младеж
_c1984
300 _a174 с.
_c20 см
380 _aX
500 _a1. изд. 1950.
852 _aЦб 132373
856 4 _qpdf
_u
856 4 _qpdf
_u
942 _cKNG
_n0
_01
944 _aCR
_c01.03.2018
_kКети_Илиева
944 _aED
_c01.03.2018
_kКети_Илиева
999 _c206866
_d206866